Economa̕ para el ser humano Sentido y alma del capital /

Detalles Bibliográficos
Autor principal: Hemel, Ulrich
Formato: eBook
Lenguaje:español
Publicado: Bogot:̀ Siglo del Hombre Editores, 2016
Materias:
Acceso en línea:Acceso restringido

MARC

LEADER 00000nam a22000007a 4500
005 20210430215439.0
007 cr|||| ||||
008 210430s2016 co |||||s|||| 00||0 spa d
020 |a 978-958-665-377-0 
035 |a 33217 
040 |a vLex 
090 |c 11581  |d 11581 
100 1 |a Hemel, Ulrich 
245 1 0 |a Economa̕ para el ser humano  |h [Recurso electrn̤ico] :  |b Sentido y alma del capital /  |c Ulrich Hemel  
256 |a Servicio en ln̕ea 
260 |a Bogot:̀  |b Siglo del Hombre Editores,  |c 2016 
300 |a 1 recurso electrn̤ico 
500 |a -Es posible una economa̕ que respete la dignidad humana? -Cm̤o funciona el mundo del dinero y del capital? ¿Cm̤o incide el carc̀ter instrumental del capital en las personas que lo manejan? El autor analiza aqu,̕ en forma dinm̀ica y novedosa la significacin̤ social del capital: -Quien maneja capital trueca dinero por sueǫs-. Se hacen presentes as ̕un lado luminoso y otro oscuro del capital. Para muchos seres humanos, este llega a convertirse en una forma espiritual de vida y en una religin̤ cotidiana. La presente es una obra de agradable lectura y llena de sugerencias, con ejemplos prc̀ticos , que brotan de la pluma de un autor de gran reconocimiento internacional. 
506 1 |a Disponible solo en los productos indicados  |d vLex Global  |d vLex Global (Academic Edition, excluding Law Schools)  |d vLex Global (U.S. Academic Edition, Law Schools)  |d vLex Global (U.S. Academic Edition, excluding Law Schools)  |d vLex Global (Academic Edition, Law Schools) 
650 0 4 |a Ciencias sociales  |z Colombia 
650 0 4 |a Humanidades  |z Colombia 
740 0 |a vLex Libros (Servicio en ln̕ea) 
856 |u https://vlex.com/source/economia-para-el-ser-humano-sentido-y-alma-del-capital-33217  |z Acceso restringido 
942 |c BOOK 
999 0 |a Social Sciences 
999 0 |a Humanities